| 000 | 00000nam##2200000za#4500 |
| 001 | 9.573120 |
| 003 | CaOODSP |
| 005 | 20210624183542 |
| 007 | cr ||||||||||| |
| 008 | 150406|2004||||xxc|||||o f|0| 0 eng|d |
| 040 | |aCaOODSP|beng |
| 043 | |an-cn--- |
| 086 | 1 |aBT31-4/77-2004E-PDF |
| 110 | 1 |aCanada. |bTreasury Board. |
| 245 | 10|aTransportation Safety Board of Canada, departmental performance report for the period ending March 31, 2004 |h[electronic resource] |
| 260 | |aOttawa - Ontario : |bTreasury Board of Canada Secretariat |c[2004]. |
| 300 | |a58p.|bfigs., graphs, tables |
| 490 | 1 |aPerformance report for the period ending March 31, 2004 |vfor the period ending March 31, 2004 |
| 590 | |a12-05-Supp|b2012-03-02 |
| 775 | 08|tBureau de la sécurité des transports du Canada - rapport ministériel sur le rendement pour la période se terminant le 31 mars 2004 |w(CaOODSP)9.603343 |
| 776 | 0#|tTransportation Safety Board of Canada |w(CaOODSP)9.540016 |
| 776 | 0#|tBureau de la sécurité des transports du Canada |w(CaOODSP)9.540017 |
| 830 | #0|aPerformance report for the period ending March 31, 2004 ;|vfor the period ending March 31, 2004|w(CaOODSP)9.506265 |
| 856 | 40|ahttp://publications.gc.ca|qPDF|s425 KB|uhttps://publications.gc.ca/collections/collection_2012/sct-tbs/BT31-4-77-2004-eng.pdf|yfor the period ending March 31, 2004 |